<?xml version="1.0" encoding="UTF-8"?>
<record
    xmlns:xsi="http://www.w3.org/2001/XMLSchema-instance"
    xsi:schemaLocation="http://www.loc.gov/MARC21/slim http://www.loc.gov/standards/marcxml/schema/MARC21slim.xsd"
    xmlns="http://www.loc.gov/MARC21/slim">

  <leader>00650cam0a220020500 4500</leader>
  <controlfield tag="001">tmp15411761</controlfield>
  <controlfield tag="003">UPRA</controlfield>
  <controlfield tag="005">20190826100802.0</controlfield>
  <controlfield tag="008">950808s1967    sz                  eng u</controlfield>
  <datafield tag="035" ind1=" " ind2=" ">
    <subfield code="a">(Sirsi) r104002</subfield>
  </datafield>
  <datafield tag="035" ind1=" " ind2=" ">
    <subfield code="a">(UPRA)tmp15411761</subfield>
  </datafield>
  <datafield tag="040" ind1=" " ind2=" ">
    <subfield code="c">UPRA</subfield>
  </datafield>
  <datafield tag="110" ind1="2" ind2=" ">
    <subfield code="a">Nordfinanz-Bank Zurich.</subfield>
    <subfield code="6">A61208.1</subfield>
  </datafield>
  <datafield tag="245" ind1="1" ind2="4">
    <subfield code="a">The Scandinavian market '67 :</subfield>
    <subfield code="b">a statistical survey of the four Scandinavian countries.</subfield>
  </datafield>
  <datafield tag="246" ind1="3" ind2="0">
    <subfield code="a">Scandinavian market, 1967</subfield>
  </datafield>
  <datafield tag="260" ind1=" " ind2=" ">
    <subfield code="a">Zurich,</subfield>
    <subfield code="c">1967.</subfield>
  </datafield>
  <datafield tag="651" ind1=" " ind2="0">
    <subfield code="a">Scandinavia -- Statistics.</subfield>
    <subfield code="x">Scandinavia -- Statistics.</subfield>
    <subfield code="6">S47475.1</subfield>
  </datafield>
  <datafield tag="949" ind1=" " ind2=" ">
    <subfield code="a">DL3</subfield>
    <subfield code="w">lcc</subfield>
    <subfield code="i">-147941</subfield>
    <subfield code="m">MAIN</subfield>
    <subfield code="t">BOOK</subfield>
    <subfield code="l">ON-SHELF</subfield>
  </datafield>
  <controlfield tag="004">104002</controlfield>
  <datafield tag="999" ind1=" " ind2=" ">
    <subfield code="c">162633</subfield>
    <subfield code="d">162633</subfield>
  </datafield>
</record>
